000 00495nam a2200181Ia 4500
005 20250423100819.0
008 250422s9999 xx 000 0 und d
020 _a9789386372758
050 _aTN 871 .P73/
100 _aPrajapathi, Tilak Ram
245 0 _aReservoir engineering and petroleum
260 _aNew Delhi
260 _bRandom Publications
260 _c2018
300 _a301 p
650 _a Oil reservoir engineering. Oil fields. Gas reservoirs.
942 _cBK
999 _c34417
_d34417